00281nam a2200121Ia 4500008004100000100001800041245003400059260002200093300000900115650001300124942000700137999001500144190216s9999||||xx |||||||||||||| ||und|| aSherlekar S A 0aCompany Secretarical Practice bKitab Mahalc1977 a519p aCommerce cBK c5124d5124